Data mining and predictive analytics / (Record no. 240955)
[ view plain ]
| 000 -LEADER | |
|---|---|
| fixed length control field | 00734nam a22002297a 4500 |
| 005 - DATE AND TIME OF LATEST TRANSACTION | |
| control field | 20260225094529.0 |
| 008 - FIXED-LENGTH DATA ELEMENTS--GENERAL INFORMATION | |
| fixed length control field | 260225b |||||||| |||| 00| 0 eng d |
| 020 ## - INTERNATIONAL STANDARD BOOK NUMBER | |
| International Standard Book Number | 9789354247255 |
| 040 ## - CATALOGING SOURCE | |
| Transcribing agency | AIMIT LIBRARY |
| 082 ## - DEWEY DECIMAL CLASSIFICATION NUMBER | |
| Edition number | 2 |
| Classification number | 005.762 |
| Item number | LARD |
| 100 ## - MAIN ENTRY--PERSONAL NAME | |
| Personal name | Larose, Daniel T. |
| 9 (RLIN) | 256678 |
| 245 ## - TITLE STATEMENT | |
| Title | Data mining and predictive analytics / |
| Statement of responsibility, etc. | By Daniel T Larose, Chantal D Larose and O P Wali. |
| 250 ## - EDITION STATEMENT | |
| Edition statement | 2nd ed. |
| 260 ## - PUBLICATION, DISTRIBUTION, ETC. | |
| Place of publication, distribution, etc. | New Delhi : |
| Name of publisher, distributor, etc. | Wiley , |
| Date of publication, distribution, etc. | 2024. |
| 300 ## - PHYSICAL DESCRIPTION | |
| Extent | xxxiv,871p. ; |
| Other physical details | PB |
| Dimensions | 24.3 cm |
| 650 ## - SUBJECT ADDED ENTRY--TOPICAL TERM | |
| Topical term or geographic name entry element | Data preparation |
| 9 (RLIN) | 256679 |
| 650 ## - SUBJECT ADDED ENTRY--TOPICAL TERM | |
| Topical term or geographic name entry element | Statistical analysis |
| 9 (RLIN) | 256680 |
| 650 ## - SUBJECT ADDED ENTRY--TOPICAL TERM | |
| Topical term or geographic name entry element | Clustering |
| 9 (RLIN) | 256681 |
| 700 ## - ADDED ENTRY--PERSONAL NAME | |
| Personal name | Larose, Chantal D. |
| 9 (RLIN) | 256682 |
| 700 ## - ADDED ENTRY--PERSONAL NAME | |
| Personal name | Wali, O P. |
| 9 (RLIN) | 256683 |
| 942 ## - ADDED ENTRY ELEMENTS (KOHA) | |
| Source of classification or shelving scheme | Dewey Decimal Classification |
| Koha item type | Book |
| Edition | 2nd |
| Call number prefix | 005.762 LARD |
| Withdrawn status | Lost status | Source of classification or shelving scheme | Damaged status | Not for loan | Collection code | Home library | Current library | Shelving location | Date acquired | Source of acquisition | Cost, normal purchase price | Inventory number | Total Checkouts | Full call number | Barcode | Date last seen | Cost, replacement price | Price effective from | Koha item type |
|---|---|---|---|---|---|---|---|---|---|---|---|---|---|---|---|---|---|---|---|
| Dewey Decimal Classification | MCA | St Aloysius Institute of Management & Information Technology | St Aloysius Institute of Management & Information Technology | Data Mining | 02/23/2026 | SK Publishers & Distributors | 1219.00 | Bill.no:SKP4044;Bill.dt:2026/02/ | 005.762 LARD | MCA17391 | 02/25/2026 | 914.25 | 02/25/2026 | Book |